Woman, church, and state (Record no. 97765)

MARC details
000 -LEADER
fixed length control field 00575nam a2200205Ia 4500
008 - FIXED-LENGTH DATA ELEMENTS--GENERAL INFORMATION
fixed length control field 191130s2002##################000#0#eng##
020 ## - INTERNATIONAL STANDARD BOOK NUMBER
ISBN 9781591020073
082 ## - DEWEY DECIMAL CLASSIFICATION NUMBER
Classification number 305.42 GAG
100 ## - MAIN ENTRY--AUTHOR NAME
Personal name Joslyn Gage, Matilda
245 ## - TITLE STATEMENT
Title Woman, church, and state
Statement of responsibility, etc Matilda Joslyn Gage
260 ## - PUBLICATION, DISTRIBUTION, ETC. (IMPRINT)
Place of publication Amherst, N.Y
Name of publisher [publisher not identified]
Year of publication 2002
300 ## - PHYSICAL DESCRIPTION
Number of Pages 525p.: 23c.m
500 ## - GENERAL NOTE
General note Includes index
650 ## - SUBJECT ADDED ENTRY--TOPICAL TERM
Topical Term Women rights
Topical Term Women-social condition
991 ## -
-- 199273
Holdings
Withdrawn status Lost status Damaged status Not for loan Home library Current library Shelving location Date acquired Full call number Accession Number Price effective from Koha item type
        Anna Centenary Library Anna Centenary Library 3RD FLOOR, B WING 09.10.2020 305.42 GAG 426855 09.10.2020 English Books

Find us on the map